000 00464nam a22001697a 4500
005 20231023130642.0
008 231023b |||||||| |||| 00| 0 eng d
022 _20409029971
041 _aEnglish
082 _a158 HAL
100 _aHalpern, A
_lEnglish
245 _aNegotiating Skills /
_cA Halpern
260 _aDurban
_bButterworths
_c1997
300 _bix, 86 pages
_c25 cm.
650 _alegal practice
_bLaw
942 _cBK
_6ALISON_B_N__VRIES
999 _c13
_d13